000 00451nam a2200145Ia 4500
008 211109s9999||||xx |||||||||||||| ||und||
082 _a894.8123
_bRAM-R
100 _aRaman Pilla, C V
245 0 _aRamaraja Bahadoor
260 _bKerala Sahitya Akademi
_aThrissur
_c2008
300 _a336p
630 _xGeneral Stack
650 _aLiterature & rhetoric
_vLiteratures of other languagesMalayalam literatureMalayalam Novel
_xMalayalam
942 _cBOOK
999 _c16215
_d16215